La iglesia católica y el holocausto: una deuda pendiente
Guardat en:
| Autor principal: | |
|---|---|
| Format: | Llibre |
| Idioma: | espanyol |
| Publicat: |
Buenos Aires
Taurus
2003
|
| Edició: | 1a. ed |
| Col·lecció: | Taurus Historia
|
| Matèries: | |
| Etiquetes: |
Afegir etiqueta
Sense etiquetes, Sigues el primer a etiquetar aquest registre!
|
MARC
| LEADER | 00000nam a2200000 a 4500 | ||
|---|---|---|---|
| 001 | UCL8830 | ||
| 003 | CL-VaPUC | ||
| 008 | 040709e20030000AG |||||||||||||||||spa|d | ||
| 020 | |a 9505118228 | ||
| 082 | 0 | 4 | |a 272 |b GOL |2 21 |
| 100 | |a Goldhagen, Daniel Jonah |e author |9 486769 | ||
| 245 | 1 | 3 | |a La iglesia católica y el holocausto: una deuda pendiente |
| 250 | |a 1a. ed | ||
| 300 | |a 404 p | ||
| 942 | |c BK | ||
| 945 | |d 20040709 00:00:00 |a cmena | ||
| 260 | |a Buenos Aires |b Taurus |c 2003 | ||
| 600 | 0 | |a Pío XII, |d 1876-1958 |c Papa |9 321754 | |
| 650 | 7 | |a PERSECUCIONES DE LOS JUDIOS |2 CL-VaPUC |9 486770 | |
| 650 | 0 | |a Antisemitismo |9 314513 | |
| 650 | 0 | |a Iglesia Católica |9 256114 | |
| 650 | 7 | |a PERSECUCIONES RELIGIOSAS |2 CL-VaPUC |9 486771 | |
| 650 | 0 | |a Judaísmo |9 269348 | |
| 650 | 0 | |a Comportamiento moral |9 334569 | |
| 583 | |a last modification |c 20040709 00:00:00 |k Rodrigo Vera | ||
| 490 | 0 | |a Taurus Historia | |
| 999 | |c 309936 |d 309934 | ||
| 952 | |0 0 |1 0 |4 0 |6 272_000000000000000_GOL_2003 |7 0 |8 A |9 377806 |a BIBTEO |b BIBTEO |d 2019-11-21 |i 4093976 |o 272 GOL 2003 |p 4093976 |r 2025-01-17 |w 2019-11-21 |y BK |k ICR | ||